Guess the Country (Region Version) #4 - Statistics

General Stats
  • This quiz has been taken 28 times
  • The average score is 19 of 30
Answer Stats
Hint Administrative
Division
Answer % Correct
Maryland State United States
96%
Nova Scotia Province Canada
92%
Wiltshire County United Kingdom
92%
Peloponnese Region Greece
88%
Okayama Prefecture Japan
88%
Podlaskie Province Poland
84%
Jalisco State Mexico
80%
Điện Biên Province Vietnam
80%
Friesland Province Netherlands
76%
Chiang Mai Province Thailand
76%
Vestfirðir Region Iceland
72%
Zaporizhzhia Region Ukraine
72%
Fez-Meknes Region Morocco
68%
Thuringia State Germany
64%
Vestland County Norway
64%
Pärnu County Estonia
60%
Veszprém County Hungary
60%
Al-Jawf Province Saudi Arabia
60%
Cantabria Region Spain
60%
Kandahar Province Afghanistan
56%
Chhattisgarh State India
56%
Ryanggang Province North Korea
52%
Karabük Province Turkey
52%
Leiria District Portugal
48%
Galați County Romania
48%
Solothurn Canton Switzerland
40%
Marche Region Italy
36%
Redange Canton Luxembourg
16%
Yobe State Nigeria
16%
Cerro Largo Department Uruguay
16%
No matching quizzes found
Score Distribution
Percent of People with Each Score
Percentile by Number Answered
Your Score History
You have not taken this quiz